List of Countries with 6 letters - Statistics

General Stats
  • This quiz has been taken 297 times
    257 since last reset
  • The average score is 18 of 32
Answer Stats
Continent Country % Correct
North America Canada
84%
Europe France
79%
Europe Sweden
76%
South America Brazil
75%
North America Mexico
72%
Europe Norway
72%
Europe Greece
69%
Europe Poland
65%
Asia Bhutan
61%
Europe Latvia
60%
North America Panama
59%
Europe Russia
59%
Europe/Asia Turkey
59%
North America Belize
58%
Africa Angola
56%
South America Guyana
56%
Asia Israel
55%
Europe Monaco
55%
Africa Zambia
54%
Africa Gambia
53%
Asia Jordan
53%
Europe Serbia
51%
Oceania Tuvalu
51%
Europe Kosovo
49%
Africa Uganda
49%
Asia Kuwait
48%
Africa Rwanda
48%
Asia Brunei
47%
Asia Taiwan
46%
Europe Cyprus
42%
Africa Guinea
42%
Africa Malawi
41%
No matching quizzes found
Score Distribution
Percent of People with Each Score
Percentile by Number Answered
Your Score History
You have not taken this quiz since the last reset